000 00855nam a22001937a 4500
003 NALT
005 20221108111941.0
008 s2549 th tha d
040 _aNALT
041 _atha
050 _aH 62
_bบ252ก 2549
100 0 _aบัญชร แก้วส่อง
_959407
245 1 0 _aการสังเคราะห์พลังการวิจัยท้องถิ่นภาคอีสาน /
_cบัญชร แก้วส่อง และคณะ.
260 _aกรุงเทพฯ :
_bสำนักงานกองทุนสนับสนุนการวิจัย,
_c2549
300 _a106 หน้า ;
_c29 ซม.
651 4 _959408
_aไทย (ภาคตะวันออกเฉียงเหนือ)
_xวิจัย
850 _aNALT
942 _cRSH
_2lcc
999 _c48406
_d48406
998 _j109
_k นางสาวอารีรัตน์ วิชาช่าง